Programovanie pre číslicové počítače /

Hlavní autor: Gvozdjak, Ladislav
Jazyk: Slovenština
Vydáno: Bratislava: Alfa, 1975
Vydání: 1. vyd.
Témata:
Fyzický popis: 213 s.
Knihy
Uloženo v:
LEADER 00816nam a22002532a 4500
001 001782851
003 CZ BrMZK
005 20210121143838.0
007 ta
008 210121s1975 xo er|||||||||||slo d
040 |a ABA001  |b cze  |c ABA001  |d ABA001  |d BOA001 
080 9 |a 681.3 
100 1 |a Gvozdjak, Ladislav  |7 jx20040726028  |4 aut 
245 1 0 |a Programovanie pre číslicové počítače /  |c Ladislav Gvozdjak ... [et al.] 
250 |a 1. vyd. 
260 |a Bratislava:  |b Alfa,  |c 1975 
300 |a 213 s. 
650 7 |a programování  |7 ph115891  |2 czenas 
650 7 |a počítače  |7 ph115859  |2 czenas 
655 7 |a učebnice vysokých škol  |7 fd133772  |2 czenas 
910 |a BOA001  |b 3-0742.888 
990 |a BK 
991 |b 202101 
996 7 |b 2618701837  |c 3-0742.888  |l MZK  |r Sklad / do 1 hodiny  |n 0  |w 001841013  |u 000010  |a 1  |e BOA001  |j MZK50  |s A